000 00650nam a2200265Ia 4500
005 20260306164421.0
008 008 260114s9999 xx 000 0 eng d
020 _a9780199984626
037 _aEBOOK
040 _aCRL
040 _beng
040 _cCRL
041 _2eng
041 _aeng
084 _qCRL
100 _aMichael J. Macdonald
_91130679
245 4 _aThe Oxford Handbook Of Rhetorical Studies
260 _bOxford University Press
260 _c2017
650 _aClassical Studies
856 _uhttps://academic.oup.com/edited-volume/38590
942 _cEBOOK
999 _c1714001
_d1714001